000 00789nam a22002172 4500
001 0000021514
005 20151217155910.0
008 120626s xx 000 0 eng d
040 _aKABU
_cKABU
100 1 _aMwebi, Benard.
_@0000182422
245 1 0 _aExpansion of private universities in Kenya and its implications on student characteristics and access :
_ban analytic study /
_cBenard Mwebi, Enose M. W. Simatwa ansd T. M. O. Ayodo.
250 _a1st ed.
260 _bInternational Research Journal,
_c2012.
300 _a19 leaves.
650 0 _aEducation, Higher
_zKenya.
_@0000153705
700 1 _aSimatwa, Enos M. W.
_@0000182423
700 1 _aAyodo, T. M. O.
_@0000181957
908 _a120626
950 _@1
999 _c13840
_d13840